| 000 | 00698nam a2200289Ia 4500 | ||
|---|---|---|---|
| 001 | Z_3652 | ||
| 003 | CHAP | ||
| 008 | 220113s1980 xx 000 0 und d | ||
| 010 | _a166734 | ||
| 040 | _cCHAP | ||
| 090 | _aFolleto 433 | ||
| 100 |
_aArbiza Aguirre, Santos _9140854 |
||
| 245 |
_aProducción ovina en México / _cpor Santos Arbiza |
||
| 260 |
_aChapingo, Méx. : _bUACH. Departamento de Zootecnia, _c1980 |
||
| 300 | _a67 h. | ||
| 440 | _a | ||
| 500 | _a | ||
| 503 | _a | ||
| 650 |
_aGanado lanar _xMéxico _945198 |
||
| 650 |
_aMéxico _xGanado lanar _9140855 |
||
| 901 | _aFolleto 433 | ||
| 902 | _aA | ||
| 910 | _a1980 | ||
| 942 | _cc14 | ||
| 942 | _cc14 | ||
| 999 |
_c166734 _d166734 |
||